[Event "World Rapid 2019"]
[Site "Moscow RUS"]
[Date "2019.12.28"]
[Round "12.6"]
[White "Mamedyarov,S"]
[Black "Motylev,A"]
[Result "1-0"]
[WhiteElo "2772"]
[BlackElo "2640"]

1.d4 Nf6 2.c4 e6 3.Nc3 d5 4.cxd5 exd5 5.Bg5 Bb4 6.e3 h6 7.Bh4 g5 8.Bg3 Ne4
9.Qc2 h5 10.f3 Nxg3 11.hxg3 c6 12.O-O-O Be6 13.Bd3 Nd7 14.Nge2 Nb6 15.Kb1 Qe7
16.g4 h4 17.Na4 Nxa4 18.Qxa4 a5 19.e4 dxe4 20.Bxe4 Kf8 21.a3 Bd6 22.Qc2 a4
23.d5 cxd5 24.Bxd5 Be5 25.Bxe6 Qxe6 26.Nd4 Bxd4 27.Rxd4 Kg7 28.Qd2 Qg6+ 29.Ka1 Rhf8
30.Rd5 f6 31.f4 gxf4 32.Qxf4 Rae8 33.Qxa4 Re7 34.Qd4 Rfe8 35.Ka2 Qf7 36.g5 Re5
37.gxf6+ Kf8 38.Qb4+ Kg8 39.Qg4+ Kf8 40.Qg7+  1-0

[Event "World Rapid 2019"]
[Site "Moscow RUS"]
[Date "2019.12.28"]
[Round "14.8"]
[White "Mamedyarov,S"]
[Black "Gelfand,B"]
[Result "1-0"]
[WhiteElo "2772"]
[BlackElo "2684"]

1.d4 Nf6 2.c4 e6 3.Nc3 Bb4 4.Qc2 O-O 5.e4 d5 6.e5 Ne4 7.Bd3 c5 8.Nf3 cxd4
9.Nxd4 Nd7 10.Bf4 Qh4 11.g3 Qh5 12.O-O g5 13.cxd5 Bxc3 14.bxc3 exd5 15.Be3 Nxe5
16.f3 Nxd3 17.Qxd3 Nd6 18.Rf2 Qg6 19.Qxg6+ fxg6 20.Bxg5 Nc4 21.Nb5 Rf7 22.Bf4 Bh3
23.Rd1 Rd7 24.Re2 a6 25.Nc7 Rad8 26.Kf2 d4 27.cxd4 Rxd4 28.Re8+ Rxe8 29.Rxd4  1-0